| 000 | 00902cam a22002651 4500 | ||
|---|---|---|---|
| 001 | gs 64000053 | ||
| 003 | DLC | ||
| 005 | 20260227111413.0 | ||
| 008 | 720302s1963 xx 000 0 eng | ||
| 010 | _ags 64000053 | ||
| 035 | _a(OCoLC)254634 | ||
| 040 |
_aDLC _cOAkU _dDLC |
||
| 042 | _apremarc | ||
| 050 | 0 | 0 |
_aQE185 _b.A43 no. 95 |
| 100 | 1 |
_aHarker, Peter, _d1920- |
|
| 245 | 1 | 0 | _aCarboniferous and Permian rocks, southwestern District of Mackenzie. |
| 260 |
_a[Ottawa] _bDept. of Mines and Technical Surveys, Canada _c[1963] |
||
| 300 |
_aix, 91 p. _billus., fold. col. map (in pocket) tables. |
||
| 410 | 2 | 0 |
_aGeological Survey of Canada. _tBulletin _v95 |
| 500 | _aAbstract also in French. | ||
| 504 | _aBibliography: p. 26-27. | ||
| 650 | 0 |
_aGeology _zNorthwest Territories _zMackenzie. |
|
| 650 | 0 |
_aGeology, Stratigraphic _yCarboniferous. |
|
| 650 | 0 |
_aGeology, Stratigraphic _yPermian. |
|
| 999 |
_c29786 _d29786 |
||